Picture this / (Record no. 3524)

MARC details
000 -LEADER
fixed length control field 00895nam a22002417a 4500
001 - CONTROL NUMBER
control field 3524
003 - CONTROL NUMBER IDENTIFIER
control field FISKH
005 - DATE AND TIME OF LATEST TRANSACTION
control field 20240315151609.0
008 - FIXED-LENGTH DATA ELEMENTS--GENERAL INFORMATION
fixed length control field 240315b cb ||||| |||| 00| 0 eng d
040 ## - CATALOGING SOURCE
Original cataloging agency FISK
Language of cataloging eng
Transcribing agency FISK
Modifying agency FISK
050 ## - LIBRARY OF CONGRESS CALL NUMBER
Classification number PZ7.J72022
082 ## - DEWEY DECIMAL CLASSIFICATION NUMBER
Classification number 813.6
100 ## - MAIN ENTRY--PERSONAL NAME
Personal name Jones Jasmine
Dates associated with a name 1989-
245 ## - TITLE STATEMENT
Title Picture this /
Statement of responsibility, etc. Jasmine Jones
260 ## - PUBLICATION, DISTRIBUTION, ETC.
Place of publication, distribution, etc. New York :
Name of publisher, distributor, etc. Disney Enterprises, Inc,
Date of publication, distribution, etc. 2003
300 ## - PHYSICAL DESCRIPTION
Extent 134 pages :
Other physical details illustrations,
Dimensions 20 cm
505 ## - FORMATTED CONTENTS NOTE
Formatted contents note M
520 ## - SUMMARY, ETC.
Summary, etc. It's picture day and Lizzie's parents have pressured her into wearing the unicorn sweater her grandmother gave her for Christmas. Lizzie knows it's dumb to care about what other people think, but she really doesn't want to be remembered as the Girl in the Unicorn Sweater either.
521 8# - TARGET AUDIENCE NOTE
Target audience note estimates,
Source Lexiles
700 ## - ADDED ENTRY--PERSONAL NAME
Personal name Jasmine Jones
942 ## - ADDED ENTRY ELEMENTS (KOHA)
Source of classification or shelving scheme Dewey Decimal Classification
Koha item type Books
Suppress in OPAC No
Holdings
Withdrawn status Lost status Source of classification or shelving scheme Damaged status Not for loan Collection Home library Current library Shelving location Date acquired Total Checkouts Full call number Barcode Date last seen Copy number Price effective from Koha item type
    Dewey Decimal Classification     Fiction Footprints International School Library Network Toul Kork Campus Footprints International School Library Network Toul Kork Campus   03/15/2024   JON PZ7.J72022 813.6 2024-0348 03/15/2024 1 03/15/2024 Books